| 000 | 00842cam a2200301 4500 | ||
|---|---|---|---|
| 001 | ABS67808 | ||
| 008 | 040603n2004 000 0 eng u | ||
| 035 | _a(Sirsi) u126405 | ||
| 245 | _aRegional survey: Essex and northeast London boroughs | ||
| 260 | _c2004 | ||
| 490 |
_aProperty Week _v69(20) 14 May 2004, 69-82(8) |
||
| 590 | _aABS | ||
| 590 | _aABS | ||
| 650 | _aESSEX | ||
| 650 | _aLONDON BOROUGHS | ||
| 650 | _aURBAN DEVELOPMENT CORPORATIONS | ||
| 650 | _aTHAMES GATEWAY | ||
| 650 | _aURBAN REGENERATION | ||
| 650 | _aPROPERTY-COMMERCIAL PROPERTY-RETAIL PROPERTY-RETAIL PROPERTY MARKET | ||
| 650 | _aRETAIL PARKS | ||
| 650 | _aLAKESIDE SHOPPING CENTRE | ||
| 650 | _aTERRORISM | ||
| 650 | _aTHURROCK | ||
| 650 | _aPORTS | ||
| 650 | _aINDUSTRIAL MARKET | ||
| 690 | _aCOMMERCIAL PROPERTY-MARKET | ||
| 942 | _n0 | ||
| 999 |
_c117467 _d117467 |
||